[Event "Las Palmas Insular-chT Primera-B 1617"]
[Site "Las Palmas"]
[Date "2016.11.19"]
[Round "5.1"]
[White "Mesa Cabrera, Jonathan"]
[Black "Mikoleizig, Egenhard"]
[Result "0-1"]
[WhiteElo "1764"]
[BlackElo "2083"]
[PlyCount "94"]
[EventDate "2016.10.22"]
[EventType "team-tourn"]
[EventRounds "14"]
[EventCountry "ESP"]
[SourceTitle "EXT 2018"]
[Source "ChessBase"]
[SourceDate "2017.10.13"]
[SourceVersion "1"]
[SourceVersionDate "2017.10.13"]
[SourceQuality "1"]
[WhiteTeam "Telde Los Llanos"]
[BlackTeam "Grandama II"]
[WhiteTeamCountry "ESP"]
[BlackTeamCountry "ESP"]

1. e4 c5 2. d4 cxd4 3. Qxd4 Nc6 4. Qe3 e6 5. Bd2 a6 6. f4 d6 7. Nf3 Nf6 8. h3 Be7 9. Nc3 b5 10. a3 Bb7 11. Bd3 Rc8 12. b4 Nd7 13. Ne2 Bf6 14. Rb1 Qc7 15. g4 Nb6 16. g5 Be7 17. Bc3 e5 18. Rf1 exf4 19. Qxf4 0-0 20. Nh4 Ne5 21. Nf5 Qd8 22. Bxe5 Bxg5 23. Qg4 dxe5 24. h4 Bf6 25. Neg3 Kh8 26. Nh5 Rg8 27. Nxf6 Qxf6 28. Qg5 Qxg5 29. hxg5 Rc7 30. Nd6 Rf8 31. Rf5 f6 32. Ke2 Nd7 33. Rbf1 Bc8 34. Nxc8 Rcxc8 35. Rh1 g6 36. Rf3 fxg5 37. Rg3 Kg7 38. Rxg5 h6 39. Rg2 Rf6 40. Ke3 Nb6 41. Rh5 g5 42. Rh1 Nc4+ 43. Ke2 Nxa3 44. Ra1 Nxc2 45. Ra2 Nxb4 46. Ra5 Nxd3 47. Kxd3 Rd6+ 0-1

[Event "Las Palmas Insular-chT Pref"]
[Site "Las Palmas "]
[Date "2016.03.05"]
[Round "13.4"]
[White "Mesa Cabrera, Jonathan"]
[Black "Sosa Suarez, Nestor"]
[Result "1-0"]
[WhiteElo "1753"]
[BlackElo "1229"]
[PlyCount "49"]
[EventDate "2015.10.17"]
[EventType "team-tourn"]
[EventRounds "14"]
[EventCountry "ESP"]
[SourceTitle "EXT 2017"]
[Source "ChessBase"]
[SourceDate "2016.10.25"]
[SourceVersion "1"]
[SourceVersionDate "2016.10.25"]
[SourceQuality "1"]
[WhiteTeam "Real Club Victoria"]
[BlackTeam "Sociedad La Montana"]
[WhiteTeamCountry "ESP"]
[BlackTeamCountry "ESP"]

1. e4 e5 2. d4 exd4 3. Qxd4 Nc6 4. Qe3 g6 5. Bd2 Bg7 6. Bc3 Bxc3+ 7. Nxc3 d6 8. 0-0-0 a6 9. f4 f6 10. Nd5 Bd7 11. Nf3 Bg4 12. e5 fxe5 13. fxe5 Nce7 14. Nf6+ Nxf6 15. exf6 Bxf3 16. gxf3 Rf8 17. fxe7 Qxe7 18. Qxe7+ Kxe7 19. Bg2 Rae8 20. Rhe1+ Kd8 21. Rxe8+ Rxe8 22. Kd2 d5 23. Re1 Rxe1 24. Kxe1 Ke7 25. Ke2 1-0

[Event "Las Palmas Insular-chT Pref"]
[Site "Las Palmas "]
[Date "2015.12.05"]
[Round "5.4"]
[White "Mesa Cabrera, Jonathan"]
[Black "Lopez Colon, Francisco"]
[Result "0-1"]
[WhiteElo "1776"]
[BlackElo "1982"]
[PlyCount "98"]
[EventDate "2015.10.17"]
[EventType "team-tourn"]
[EventRounds "14"]
[EventCountry "ESP"]
[SourceTitle "CBM 170 Extra"]
[Source "ChessBase"]
[SourceDate "2016.02.25"]
[SourceVersion "1"]
[SourceVersionDate "2016.02.25"]
[SourceQuality "1"]
[WhiteTeam "Real Club Victoria"]
[BlackTeam "Goya Villa de Teror"]
[WhiteTeamCountry "ESP"]
[BlackTeamCountry "ESP"]

1. e4 c5 2. f4 e6 3. c4 Nc6 4. Nf3 g6 5. Nc3 Bg7 6. Nb5 d6 7. Be2 Nge7 8. 0-0 0-0 9. Rb1 a6 10. Nc3 Nd4 11. d3 Nec6 12. a3 Rb8 13. Bd2 b5 14. cxb5 axb5 15. b4 cxb4 16. axb4 Ra8 17. Qc1 Bb7 18. Be3 Qb6 19. Qd2 Ra3 20. Rfc1 Qa6 21. Bd1 Rc8 22. Nxd4 Nxd4 23. Kh1 Nc6 24. Ne2 Ra2 25. Rc2 Rxc2 26. Bxc2 Qa2 27. Nc1 Qa3 28. d4 Nxd4 29. Bd3 d5 30. e5 Nf5 31. Bc5 Bc6 32. Rb2 d4 33. Rb3 Qa1 34. Bxf5 exf5 35. Rd3 Qa8 36. Nb3 f6 37. Bxd4 Be4 38. Rg3 Rc2 39. Qd1 Qd5 40. exf6 Bxf6 41. Kg1 Rxg2+ 42. Rxg2 Bxg2 43. Qd2 Bxd4+ 44. Qxd4 Be4 45. Qxd5+ Bxd5 46. Na5 Kf7 47. Kf2 Ke6 48. Ke3 g5 49. fxg5 Ke5 0-1

[Event "Las Palmas Insular-chT Pref-B"]
[Site "Las Palmas"]
[Date "2015.02.28"]
[Round "8.3"]
[White "Mesa Cabrera, Jonathan"]
[Black "Rodriguez Perez, Jose Manuel"]
[Result "0-1"]
[WhiteElo "1776"]
[BlackElo "2021"]
[PlyCount "94"]
[EventDate "2014.11.22"]
[EventType "team-tourn"]
[EventRounds "14"]
[EventCountry "ESP"]
[SourceTitle "EXT 2016"]
[Source "ChessBase"]
[SourceDate "2015.10.08"]
[SourceVersion "1"]
[SourceVersionDate "2015.10.08"]
[SourceQuality "1"]
[WhiteTeam "Victoria Real"]
[BlackTeam "Villa de Teror Goya III"]
[WhiteTeamCountry "ESP"]
[BlackTeamCountry "ESP"]

1. e4 e6 2. c4 d5 3. cxd5 exd5 4. exd5 Nf6 5. Bc4 Nxd5 6. Ne2 Nc6 7. 0-0 Be7 8. Qb3 Na5 9. Qa4+ c6 10. Bxd5 Qxd5 11. Nbc3 Qd8 12. d4 b5 13. Qc2 0-0 14. Rd1 Qb6 15. a4 b4 16. Ne4 b3 17. Qc3 Bg4 18. f3 Bb4 19. Qe3 Be6 20. Qg5 f6 21. Qg3 Qb8 22. Bf4 Qe8 23. Qf2 Nc4 24. Rab1 Rd8 25. Bd2 Nxd2 26. Nxd2 Bf5 27. Ne4 Bxe4 28. fxe4 Qxe4 29. Rbc1 Rfe8 30. Ng3 Qd5 31. Qf3 Qxf3 32. gxf3 Re6 33. Rd3 c5 34. d5 Red6 35. Nf5 R6d7 36. Rxb3 g6 37. Ne3 Bd2 38. Rxc5 Bxe3+ 39. Rxe3 Rxd5 40. Rxd5 Rxd5 41. Re7 Rd1+ 42. Kg2 Rd2+ 43. Kg3 Rxb2 44. Rxa7 h5 45. h3 g5 46. a5 f5 47. a6 h4# 0-1

[Event "Las Palmas Insular-chT Pref-B"]
[Site "Las Palmas"]
[Date "2015.01.31"]
[Round "6.4"]
[White "Mesa Cabrera, Jonathan"]
[Black "Navarro Guerra del Rio, Cristian"]
[Result "1/2-1/2"]
[WhiteElo "1776"]
[BlackElo "1885"]
[PlyCount "93"]
[EventDate "2014.11.22"]
[EventType "team-tourn"]
[EventRounds "14"]
[EventCountry "ESP"]
[SourceTitle "EXT 2016"]
[Source "ChessBase"]
[SourceDate "2015.10.08"]
[SourceVersion "1"]
[SourceVersionDate "2015.10.08"]
[SourceQuality "1"]
[WhiteTeam "Victoria Real"]
[BlackTeam "La Caja de Vecindario II"]
[WhiteTeamCountry "ESP"]
[BlackTeamCountry "ESP"]

1. e4 g6 2. d4 Bg7 3. f4 d6 4. Nf3 a6 5. Bc4 b5 6. Bb3 Bb7 7. 0-0 Bxe4 8. Ng5 d5 9. Nxe4 dxe4 10. c3 Nf6 11. Nd2 0-0 12. Qe2 c5 13. dxc5 Nbd7 14. Nxe4 Nxe4 15. Qxe4 Nxc5 16. Qf3 Nxb3 17. axb3 e6 18. Rd1 Qc7 19. Be3 b4 20. Bd4 Bxd4+ 21. Rxd4 bxc3 22. bxc3 Qb6 23. b4 Rad8 24. Qf2 Rxd4 25. Qxd4 Qxd4+ 26. cxd4 Rd8 27. Rxa6 Rxd4 28. b5 Rxf4 29. b6 Rb4 30. Ra8+ Kg7 31. Rb8 h5 32. Kf2 f5 33. b7 e5 34. Ke3 Rb3+ 35. Kd2 e4 36. g3 g5 37. Kc2 Rb6 38. Kc3 f4 39. gxf4 gxf4 40. Re8 Rxb7 41. Rxe4 Rf7 42. Kd3 Kg6 43. Ke2 Kg5 44. Kf3 h4 45. Re1 Kf5 46. Re4 Kg5 47. Re8 1/2-1/2

[Event "Las Palmas Insular-chT Pref-B"]
[Site "Las Palmas"]
[Date "2014.12.13"]
[Round "2.3"]
[White "Salcedo Izquierdo, Rafael"]
[Black "Mesa Cabrera, Jonathan"]
[Result "0-1"]
[WhiteElo "1430"]
[BlackElo "1776"]
[PlyCount "48"]
[EventDate "2014.11.22"]
[EventType "team-tourn"]
[EventRounds "14"]
[EventCountry "ESP"]
[SourceTitle "EXT 2016"]
[Source "ChessBase"]
[SourceDate "2015.10.08"]
[SourceVersion "1"]
[SourceVersionDate "2015.10.08"]
[SourceQuality "1"]
[WhiteTeam "La Bagacera II"]
[BlackTeam "Victoria Real"]
[WhiteTeamCountry "ESP"]
[BlackTeamCountry "ESP"]

1. d4 c5 2. dxc5 e5 3. e3 Bxc5 4. Bc4 Nf6 5. Nf3 Nc6 6. 0-0 d5 7. Bb5 Bg4 8. Be2 0-0 9. c3 a6 10. h3 Bh5 11. Ne1 Bg6 12. Nd3 Ba7 13. Kh1 Qc7 14. f4 Be4 15. Nb4 Rad8 16. Nxc6 Qxc6 17. Nd2 exf4 18. exf4 Qe6 19. Nf3 Rfe8 20. Bd3 Nh5 21. Kh2 Qg6 22. g4 Bxd3 23. gxh5 Qf5 24. Ne5 Rxe5 0-1

[Event "Las Palmas Insular-chT Primera-A"]
[Site "Las Palmas"]
[Date "2014.02.01"]
[Round "8.3"]
[White "Moreno Ramos, Aristides"]
[Black "Mesa Cabrera, Jonathan"]
[Result "1-0"]
[WhiteElo "1712"]
[BlackElo "1807"]
[PlyCount "105"]
[EventDate "2013.11.09"]
[EventType "team-tourn"]
[EventRounds "14"]
[EventCountry "ESP"]
[SourceTitle "EXT 2015"]
[Source "ChessBase"]
[SourceDate "2014.11.20"]
[SourceVersion "1"]
[SourceVersionDate "2014.11.20"]
[SourceQuality "1"]
[WhiteTeam "Claudio Mendoza"]
[BlackTeam "La Bagacera"]
[WhiteTeamCountry "ESP"]
[BlackTeamCountry "ESP"]

1. e4 e5 2. Nf3 Nf6 3. Bc4 Bc5 4. d3 0-0 5. 0-0 b5 6. Bxb5 c6 7. Ba4 d5 8. Bg5 Bg4 9. Nbd2 Qb6 10. Bxf6 gxf6 11. Bb3 Qd8 12. Re1 a5 13. a3 Ra7 14. h3 Bh5 15. Nf1 a4 16. Ba2 Qb6 17. Ne3 dxe4 18. dxe4 Rd7 19. Qc1 Rfd8 20. b4 Bd4 21. Nxd4 Rxd4 22. g4 Bg6 23. Nf5 Bxf5 24. gxf5 Rd2 25. Re3 Qd4 26. Qf1 Rxc2 27. Ree1 Qd2 28. Bc4 Rxc4 29. Qxc4 Rd3 30. Qc1 Qxc1 31. Rexc1 Rxh3 32. b5 c5 33. Rxc5 Nd7 34. Rc8+ Kg7 35. Rc7 Nb6 36. Kg2 Rb3 37. Rc5 Nd7 38. Rc4 Nb6 39. Rb4 Rc3 40. f3 h5 41. Kg3 Kh6 42. Rbb1 Kg5 43. Rg1 Nc4 44. Rgc1 h4+ 45. Kf2 Rb3 46. Rxc4 Kf4 47. Rc2 Rxf3+ 48. Kg2 Rb3 49. b6 Kxe4 50. Rc4+ Kxf5 51. Rb4 Rc3 52. b7 Rc2+ 53. Kh1 1-0

[Event "Las Palmas Insular-chT Primera-A"]
[Site "Las Palmas"]
[Date "2014.01.18"]
[Round "6.3"]
[White "Mesa Cabrera, Jonathan"]
[Black "Gonzalez Rodriguez, Jose Fco"]
[Result "0-1"]
[WhiteElo "1807"]
[BlackElo "1874"]
[PlyCount "64"]
[EventDate "2013.11.09"]
[EventType "team-tourn"]
[EventRounds "14"]
[EventCountry "ESP"]
[SourceTitle "EXT 2015"]
[Source "ChessBase"]
[SourceDate "2014.11.20"]
[SourceVersion "1"]
[SourceVersionDate "2014.11.20"]
[SourceQuality "1"]
[WhiteTeam "La Bagacera"]
[BlackTeam "San Andres"]
[WhiteTeamCountry "ESP"]
[BlackTeamCountry "ESP"]

1. d4 d5 2. c4 e6 3. Nc3 Nf6 4. Nf3 c5 5. e3 Nc6 6. Bd3 Be7 7. 0-0 0-0 8. a3 dxc4 9. Bxc4 a6 10. dxc5 Qa5 11. Nd2 Rd8 12. Qe2 Qxc5 13. b4 Qe5 14. Nf3 Qh5 15. Rb1 b5 16. Bd3 Bb7 17. e4 Bd6 18. g3 Rac8 19. Bb2 Bf4 20. Rfd1 Nd7 21. Ne1 Qh6 22. Nf3 Nde5 23. Nxe5 Bxe5 24. Bc1 Qf6 25. Nxb5 axb5 26. Bxb5 Nd4 27. Qf1 Nxb5 28. Rxd8+ Rxd8 29. Be3 Bxe4 30. Rc1 Nc3 31. Qc4 Qg6 32. g4 Bd3 0-1